[Event "European Youth Chess Championship G18"]
[Site "Prague, Top Hotel Prague"]
[Date "2012.08.17"]
[Round "1.27"]
[White "Dalemans, Diana"]
[Black "Bass, Leenoy"]
[Result "0-1"]
[WhiteElo "1958"]
[BlackElo "1614"]
[PlyCount "80"]
[EventDate "2012.08.17"]

1. e4 e5 2. Nf3 Nc6 3. Bb5 f5 4. d3 Bc5 5. c3 fxe4 6. dxe4 Nf6 7. Qd3 Qe7 8. b4
Bb6 9. Bc4 d6 10. Bg5 Be6 11. Nbd2 O-O 12. O-O Qf7 13. a4 a6 14. Bxe6 Qxe6 15.
Nc4 Ba7 16. b5 axb5 17. axb5 Ne7 18. Bh4 Ng6 19. Bg3 h6 20. Ne3 Bxe3 21. fxe3
Kh8 22. Nh4 Qg4 23. Nxg6+ Qxg6 24. Rxa8 Rxa8 25. Qc4 Rc8 26. Qe6 Re8 27. Qc4
Rc8 28. Rf5 Qg4 29. Rf3 Qxe4 30. Qf7 Nd5 31. h3 Nxe3 32. Bf2 Qb1+ 33. Kh2 Nf1+
34. Kh1 Nd2+ 35. Kh2 Nxf3+ 36. Qxf3 Qxb5 37. Be3 Qc6 38. Qg4 Rf8 39. Qh4 Qd7
40. Bg5 Qf7 0-1

[Event "European Youth Chess Championship G18"]
[Site "Prague, Top Hotel Prague"]
[Date "2012.08.17"]
[Round "1.28"]
[White "Yaka, Beyza"]
[Black "Terzidaki, Alexandra"]
[Result "0-1"]
[WhiteElo "1584"]
[BlackElo "1958"]
[PlyCount "88"]
[EventDate "2012.08.17"]

1. e4 e6 2. d3 d5 3. Nd2 c5 4. Ngf3 Nc6 5. g3 Nf6 6. Bg2 Qc7 7. O-O b6 8. Re1
Bb7 9. Nf1 O-O-O 10. e5 Nd7 11. Qe2 h6 12. c3 g5 13. h3 Be7 14. Bd2 Rdg8 15. a3
h5 16. b4 g4 17. hxg4 hxg4 18. N3h2 Ncxe5 19. Bf4 Bd6 20. Rac1 Nf3+ 21. Nxf3
Bxf4 22. N3d2 Bd6 23. c4 d4 24. Nh2 Kb8 25. Rb1 Rg6 26. Bxb7 Qxb7 27. Qe4 f5
28. Qxb7+ Kxb7 29. Kg2 Rgh6 30. Rh1 Ne5 31. Rb3 Nf3 32. Ndxf3 gxf3+ 33. Kg1 e5
34. Rb1 e4 35. b5 e3 36. Rf1 Rh3 37. fxe3 Rxg3+ 38. Kf2 Rg2+ 39. Kxf3 Rhxh2 40.
Rxh2 Rxh2 41. exd4 cxd4 42. Rg1 Rh7 43. a4 Re7 44. Kf2 f4 0-1

[Event "European Youth Chess Championship G18"]
[Site "Prague, Top Hotel Prague"]
[Date "2012.08.17"]
[Round "1.29"]
[White "Nonkovic, Bogdana"]
[Black "Kuk, Nika"]
[Result "1-0"]
[WhiteElo "1950"]
[BlackElo "1557"]
[PlyCount "89"]
[EventDate "2012.08.17"]

1. Nf3 Nf6 2. c4 e6 3. g3 d5 4. d4 dxc4 5. Qa4+ Nbd7 6. Bg2 Bd6 7. O-O O-O 8.
Qxc4 Nb6 9. Qc2 h6 10. Rd1 c6 11. Nc3 Bc7 12. b3 Re8 13. Ba3 Nbd5 14. Rac1 Nxc3
15. Qxc3 Nd5 16. Qc2 Ne7 17. Ne5 Bb6 18. Bc5 Qc7 19. Nc4 Rd8 20. a4 Nd5 21. Ba3
a6 22. e4 Nf6 23. e5 Ne8 24. Bd6 Nxd6 25. exd6 Rxd6 26. Nxd6 Qxd6 27. Qc4 a5
28. Rb1 Qc7 29. Be4 g6 30. h4 Kg7 31. Qc3 Kf8 32. Qf3 Kg7 33. Rbc1 Qe7 34. Kg2
Qb4 35. Rc4 Qe7 36. Qc3 Kg8 37. Bc2 Qf6 38. Qe3 h5 39. Qe5 Qe7 40. d5 cxd5 41.
Rxd5 Qa3 42. Rd6 f6 43. Qf4 Ba7 44. Rd8+ Kf7 45. Rc7+ 1-0